000 00584nam a2200169 a 4500
001 000036608
005 20200930075827.0
008 120123s1989 cu 000 0 spa d
040 _aDO-SdBNP
_bspa
_cBNPHU
082 _axxxx
_bB275t
100 1 _aBarrientos, Guillermo
_962888
245 1 0 _aTendencias actuales en psiquiatría :
_bexperiencia cubana. /
_cGuillermo Barrientos, Hiram Castro-López.
260 _aLa Habana :
_bEditorial Científico-Técnica,
_c1989.
300 _a261 p. ;
_c23 cm.
504 _aBibliografía : p.257-261
700 1 _aCastro-López Ginard, Hiram
_962889
999 _c36099
_d36099